SF & F Authors by Series Quiz Stats

 Plays Quiz Updated Mar 24, 2020

Support Sporcle.
Go Orange.
Score 0/60 Timer 10:00
0 Plays Today
Series Author % Correct
The Lord of the RingsJ. R. R. Tolkien
90.4%
Harry PotterJ. K. Rowling
88.6%
The Chronicles of NarniaC.S. Lewis
86.9%
The Hitchhiker's Guide to the GalaxyDouglas Adams
66.8%
The Dark TowerStephen King
63.7%
DuneFrank Herbert
56.2%
OzL. Frank Baum
52.7%
DiscworldTerry Pratchett
51.9%
FoundationIsaac Asimov
50.7%
Ender's SagaOrson Scott Card
49.2%
A Song of Ice and FireGeorge R. R. Martin
48%
Space Odyssey (2001, etc.)Arthur C. Clarke
43.7%
EarthseaUrsula K. Le Guin
41.2%
The Wheel of TimeRobert Jordan
38.7%
Time Quintet (A Wrinkle in Time)Madeleine L'Engle
35.3%
ShannaraTerry Brooks
31.1%
PernAnne McCaffrey
27.8%
Percy Jackson & the OlympiansRick Riordan
24.4%
XanthPiers Anthony
23.2%
The BelgariadDavid (and Leigh) Eddings
22.8%
LensmanE. E. Smith
22.3%
Lazarus LongRobert A. Heinlein
21.9%
Barsoom (John Carter of Mars)Edgar Rice Burroughs
20.7%
The Inheritance CycleChristopher Paolini
20%
The Sword of TruthTerry Goodkind
17.4%
Mars Trilogy (Red/Green/Blue)Kim Stanley Robinson
17.1%
The Dresden FilesJim Butcher
16.8%
Callahan'sSpider Robinson
16.6%
Dragonlance ChroniclesMargaret Weis & Tracy Hickman
16.4%
The Dark is RisingSusan Cooper
16.3%
Series Author % Correct
The Chronicles of Thomas CovenantStephen R. Donaldson
16%
Known SpaceLarry Niven
15.8%
The Chronicles of AmberRoger Zelazny
15.6%
Memory, Sorrow, and ThornTad Williams
15.2%
The Stainless Steel RatHarry Harrison
14.5%
The Chronicles of PrydainLloyd Alexander
14.2%
The Saga of RecluceL. E. Modesitt, Jr.
14.1%
The Book of WordsJ. V. Jones
13.9%
The Riftwar SagaRaymond E. Feist
13.8%
Hyperion CantosDan Simmons
13.6%
The Farseer TrilogyRobin Hobb
12.8%
RiverworldPhilip José Farmer
11.1%
The Spiderwick ChroniclesTony DiTerlizzi & Holly Black
11%
Myth AdventuresRobert Asprin
9.8%
DarkoverMarion Zimmer Bradley
9.6%
Vorkosigan SagaLois McMaster Bujold
8.8%
UpliftDavid Brin
7.9%
MajipoorRobert Silverberg
7.8%
The TripodsJohn Christopher
7.1%
Honor HarringtonDavid Weber
7%
Witch WorldAndre Norton
6.8%
BerserkerFred Saberhagen
6.2%
Young WizardsDiane Duane
5.7%
FlinxAlan Dean Foster
5.5%
Vlad TaltosSteven Brust
5.3%
Acts of CaineMatthew Woodring Stover
4.1%
Galactic MilieuJulian May
3.8%
The Dragon KnightGordon R. Dickson
3.6%
Wars of Light and ShadowJanny Wurts
3%
Warlock of GramaryeChristopher Stasheff
2.1%

You're not logged in!

Compare scores with friends on all Sporcle quizzes.
OR
Log In

From the Vault

Oceanian Country Letter Pair Blitz

by sproutcm

Some of these pairs are separated by thousands of miles of ocean, though.
Remove Ads.
Support Sporcle.
Get the best of Sporcle when you Go Orange. This ad-free experience offers more features, more stats, and more fun while also helping to support Sporcle. Thank you for becoming a member.

Show Comments

Extras

Top Quizzes Today


Score Distribution

Your Account Isn't Verified!

In order to create a playlist on Sporcle, you need to verify the email address you used during registration. Go to your Sporcle Settings to finish the process.

Report this User

Report this user for behavior that violates our Community Guidelines.

Details: